000 00294nam a2200109Ia 4500
008 171211s9999 xx 000 0 und d
245 _aSexually Transmitted Infections
245 _cNancy Malla
260 _c2012
650 _xFITNESS
856 _uhttp://down.ebook777.com/061/9789535102588.pdf
999 _c349095
_d349095